Hitchhiker's Guide Quiz - Statistics

General Stats
  • This quiz has been taken 89 times
  • The average score is 8 of 10
Answer Stats
Question Answer % Correct
What is the answer to life, the universe and everything? 42
100%
Socond most intelligent? Dolphins
98%
Who wrote the books? Douglas Adams
91%
Zaphod ______ Beeblebrox
89%
What are the most intelligent creatures on Earth? White Mice
89%
What is the name of the second book? The Restaurant at the End of the Universe
85%
What year was the first book written? 1979
83%
What is Trillian's real name? Tricia
78%
"____, don't talk to me about ____" Life
66%
Who played Arthur Dent in the 2005 film? Martin Freeman
64%
No matching quizzes found
Score Distribution
Percent of People with Each Score
Percentile by Number Answered
Your Score History
You have not taken this quiz